000 00254nam a2200109Ia 4500
005 20251222114405.0
008 251222s1900||||xx |||||||||||||| ||spa||
082 _aDVD0070/S51/1951
245 0 _aMilagro en Milan
264 _bCinematografiche
942 _cDVD
999 _c1806
_d1806